000 00302nam a22001337a 4500
008 170126b xxu||||| |||| 00| 0 eng d
020 _a9780801672491
041 _aeng
080 _22ND
_a61
100 _a3
101 _aSHM
245 _aMANUAL OF CLINICAL TRAUMA CARE
_cSHEEHY, S.B
942 _2udc
_cBK
999 _c3820
_d3820